Filosofía política: una introducción

Sábháilte in:
Sonraí bibleagrafaíochta
Príomhchruthaitheoir: Wolff, Jonathan (Údar)
Formáid: LEABHAR
Teanga:Spáinnis
Foilsithe / Cruthaithe: Barcelona Ariel 2001
Eagrán:1a. ed
Sraith:Ariel Filosofía
Ábhair:
Clibeanna: Cuir clib leis
Níl clibeanna ann, Bí ar an gcéad duine le clib a chur leis an taifead seo!

MARC

LEADER 00000cam a2200000 a 4500
001 UCD4733
003 CL-VaPUC
008 160717e20010900sp |||||||||||||||||spa|d
020 |a 8434487594 
082 0 4 |a 320.01  |b WOL  |2 21 
100 0 |a Wolff, Jonathan  |e author  |9 588461 
245 1 0 |a Filosofía política: una introducción 
250 |a 1a. ed 
300 |a 255 p 
942 |c BK 
945 |d 20160717 19:54:00  |a arojas 
260 |a Barcelona  |b Ariel  |c 2001 
650 7 |a FILOSOFIA POLITICA  |2 CL-VaPUC  |9 588462 
650 0 |a Ciencia política  |9 324218 
583 |a last modification  |c 20160717 19:54:00  |k Rodrigo Vera 
490 0 |a Ariel Filosofía 
999 |c 365585  |d 365583 
952 |0 0  |1 0  |3 erb  |4 0  |6 320_010000000000000_WOL_2001  |7 0  |8 A  |9 479470  |a FDOHBE  |b FDOHBE  |e Huesbe Llanos, Marco Antonio, 1934-  |i 5306728  |o 320.01 WOL 2001  |p 5306728  |r 2024-01-30  |w 2019-11-24  |y BK  |z Catalogado en:20160717  |k HBE